| 000 | | | 03752nmc2a22002413x 450 |
| 001 | | | 3529e774-7417-4a8d-bd81-557d71e683c8 |
| 005 | | | 20210125233104.0 |
| 100 | ## | $a | 20201105l18771877k l0rusy0189 ca |
| 101 | 0# | $a | rus |
| 102 | ## | $a | RU |
| 105 | ## | $a | y### |
| 122 | 2# | $a | d |
| 200 | 1# | $a | Опись документов по штатной сумме Двора государя наследника цесаревича за второе полугодие 1877 года |
| | $j | 30 июня - 30 декабря 1877 г. |
| 215 | ## | $a | 939 л. |
| | $d | 36,5х23 см |
| 251 | ## | $c | Дело |
| 300 | ## | $a | Дело |
| 371 | ## | $a | Документ не является опубликованным и широко распространяемым |
| 461 | #0 | $1 | 001523d12d2-4a37-4177-a83e-48262505de72 |
| | $1 | 2001 |
| | $a | Контора Двора наследника великого князя Александра Александровича Министерства императорского двора |
| | $1 | 251 |
| | $c | Фонд |
| | $1 | 852 |
| | $j | 1339 |
| 462 | #0 | $1 | 001491caabc-e945-4aff-b3be-bff7dc9805bf |
| | $1 | 2001 |
| | $a | Контора Двора наследника великого князя Александра Александровича Министерства императорского двора |
| | $1 | 251 |
| | $c | Опись |
| | $1 | 852 |
| | $j | 2 |
| 801 | #0 | $a | RU |
| | $b | РГИА |
| | $c | 20201105 |
| | $g | RCR |
| 801 | #1 | $a | RU |
| | $b | ГлавНИВЦ |
| | $c | 20201105 |
| | $2 | rusmarc |
| 801 | #2 | $a | RU |
| | $b | ПБ им. Б.Н. Ельцина |
| | $c | 20210125 |
| | $g | RCR |
| | $2 | rusmarc |
| 850 | ## | $a | РГИА |
| 852 | ## | $a | РГИА |
| | $e | Федеральное казенное учреждение "Российский государственный исторический архив" (РГИА) |
| | $j | 123 |
| 937 | ## | $h | РГИА |
| | $d | 12347876 |
| | $a | ASBIBLIO_SCAN |
| 035 | ## | $a | RusGRCC00015890 |
| 856 | ## | $u | http://readingroom.main.prlib.ru/item.aspx?id_node=n155119596&mode=full |